000 00548nam a2200169 a 4500
001 000017706
005 20240226135234.0
008 100330s1973 dr 000 0 spa d
040 _aDO-SdBNP
_bspa
_cBNPHU
082 _axxx
_bM375m
100 1 _aMarte, Domingo,
_d1939-
_910487
245 1 0 _aManual para el cultivo de naranjas y toronjas /
_cDomingo Marte, prólogo José Aybar Castellanos.
260 _aSanto Domingo :
_bBanco Agricola,
_c1973.
300 _a38 p. ;
_c22 cm.
700 1 _aAybar Castellanos, José
_epról.
_938551
049 _aBNPD
999 _c17231
_d17231